| 000 | 00506nam a22001817a 4500 | ||
|---|---|---|---|
| 003 | Ost | ||
| 005 | 20260313091358.0 | ||
| 008 | 260313b |||||||| |||| 00| 0 eng d | ||
| 040 | _cBT-PhCST | ||
| 050 | _a25804-25808 | ||
| 082 |
_222 _a620.004 _bSRI |
||
| 100 | _aSrivastava, Sunil Kumar. | ||
| 245 |
_aComputer aided design : _ba basic and mathematical approach / |
||
| 260 |
_aNew Delhi : _bTechsar, _cc2012. |
||
| 300 |
_axx, 404 p. : _bill. ; _c24 cm. |
||
| 500 | _aIncludes index. | ||
| 942 |
_2ddc _cMEC |
||
| 999 |
_c10213 _d10213 |
||